00736nam a2200217 u 45000010006000000050017000060080041000230200018000640350010000820350021000920400013001130410008001260820008001341000038001422450065001802600071002453000018003164900083003346000059004176500042004767160320260506072037.0960313s1992 spa  a9789802226498 a71603 a(OCoLC)778201239 ccomduadb aspa 4a98010aBriceño Perozo, Mario4auteaut10aReminiscencias griegas y latinas en las obras del Libertador aVenezuela :bAcademia Nacional de la Historia de Venezuela,c1992. a195 páginas0 aBiblioteca de la Academia Nacional de la Historia. Colección Centenario ;v614aBolívar, Simón,d1783-1830xPensamiento político aBolívar, Simón, 1783-1830 - Obras